<?xml version="1.0" encoding="UTF-8"?>
<record
    xmlns:xsi="http://www.w3.org/2001/XMLSchema-instance"
    xsi:schemaLocation="http://www.loc.gov/MARC21/slim http://www.loc.gov/standards/marcxml/schema/MARC21slim.xsd"
    xmlns="http://www.loc.gov/MARC21/slim">

  <leader>00325    a2200109   4500</leader>
  <controlfield tag="001">ART_29702</controlfield>
  <controlfield tag="005">20260410162002.0</controlfield>
  <controlfield tag="008">260409a                                 </controlfield>
  <datafield tag="245" ind1="1" ind2="0">
    <subfield code="a">Biocombustibles en Argentina</subfield>
  </datafield>
  <datafield tag="100" ind1="1" ind2=" ">
    <subfield code="a">Said&#xF3;n, Mariana</subfield>
  </datafield>
  <datafield tag="773" ind1="0" ind2=" ">
    <subfield code="t">Cuadernos de Investigaci&#xF3;n del CEINLADI</subfield>
    <subfield code="g">- N&#xBA; 2 (dic. 2008)</subfield>
    <subfield code="w">REV29630</subfield>
  </datafield>
  <datafield tag="999" ind1=" " ind2=" ">
    <subfield code="c">31386</subfield>
    <subfield code="d">31386</subfield>
  </datafield>
</record>
